Egy nem-relativisztikus filozófiai pluralizmusról

Elmentve itt :
Bibliográfiai részletek
Szerző: Peperzak, Adriaan
Adatforrás:Philobibl
Forrásdokumentuma:Magyar Filozófiai Szemle 33
1989/2-3., 323-330. p.
Dokumentumtípus: Cikk
Nyelv:magyar
LEADER 00325nab a2200097 c 4500
001 bibDOK00001768
005 20200924115814.8
008 060518s1989 hu hun
100 1 |a Peperzak, Adriaan 
245 1 4 |a Egy nem-relativisztikus filozófiai pluralizmusról  |c Peperzak, Adriaan 
773 0 |t Magyar Filozófiai Szemle 33  |g 1989/2-3., 323-330. p.